| 000 | 00981nam a2200229 a 4500 | ||
|---|---|---|---|
| 001 | 47475 | ||
| 003 | BD-RjUL | ||
| 005 | 20211209054325.0 | ||
| 008 | 160808s2009 bg |||| ||| 000 0 ben d | ||
| 020 |
_a9843000030612 _c: Tk. 40.00 |
||
| 035 | _a(BD-RjUL)47594 | ||
| 040 |
_aBD-RjUL _bben _cBD-RjUL _dBD-RjUL |
||
| 041 | _aben | ||
| 082 |
_223 _a332.0260297 _bRAI 2009 |
||
| 100 | 1 | 0 |
_aরহমান, শাহ মুহাম্মদ হাবীবুর _9119532 |
| 245 | 1 | 0 |
_aইসলামী ব্যাংকিং : _bবৈশিষ্ট্য ও কর্মপদ্ধতি / _cশাহ মুহাম্মদ হাবীবুর রহমান |
| 260 |
_aঢাকা : _bবাংলাদেশ ইসলামিক সেন্টার, _c২০০৯ [১৪৩০] |
||
| 300 |
_a৫৫ পৃ. ; _c২১ সেমি. |
||
| 650 |
_aইসলামিক ব্যাংকিং _9144362 |
||
| 650 |
_aIslamic Banking _9144363 |
||
| 942 |
_2ddc _cBK |
||
| 999 |
_c47475 _d47475 |
||